| 000 | 01002nam a22003017a 4500 | ||
|---|---|---|---|
| 001 | 7913 | ||
| 003 | FISKH | ||
| 005 | 20250813131944.0 | ||
| 008 | 250813b cb ||||| |||| 00| 0 eng d | ||
| 020 | _a9780590484718 | ||
| 040 |
_aFISKH _beng _cFISKH _dFISKH |
||
| 050 | _aBF299.S5 W455 | ||
| 082 | _a530.81 | ||
| 100 | _aE.Well, Robert | ||
| 245 |
_aIs a blue whale the biggest thing there is? / _cRobert E.Wells |
||
| 250 | _aThis edition first published in 1993 | ||
| 260 |
_aNew York : _bScholastic, _c1993 |
||
| 300 |
_a31 pages : _bcolor illustrations ; _c18 x 27 cm |
||
| 505 | _aN | ||
| 520 | _aIllustrates the concept of big, bigger, and biggest by comparing the physical measurements of such large things as a blue whale, a mountain, a star, and the universe. | ||
| 521 | 8 |
_a530
_bLexile |
|
| 521 | 8 |
_aN
_bRaz-Plus |
|
| 650 |
_2Measurement _aAnimals |
||
| 650 |
_2Science _aInformational |
||
| 700 |
_aE.Well, Robert _dillustrator |
||
| 942 |
_2ddc _cBK _n0 |
||
| 999 |
_c7913 _d7913 |
||